000
00201nam a2200097Ia 4500
008
240331s9999 xx 000 0 und d
082
_b
PRE
100
_a
Premji
245
0
_a
Premji katturegal
942
_c
L
999
_c
4675
_d
4675